000 01158nam a2200265 a 4500
001 000029964
005 20241206085813.0
008 110427s2005 dr 000 0 spa d
040 _aDO-SdBNP
_bspa
_cBNPHU
082 _a345.025
_bR426L, 2005
110 1 _aRepública Dominicana.
_bSecretaría de Estado de la Mujer
_938238
240 1 0 _a[Leyes, etc.]
245 1 0 _aLey 137-03 sobre tráfico ilícito de migrantes y trata de personas :
_bDecreto no. 97-99 de creación del Comité Institucional de Protección a la Mujer Migrante, CIPROM.
250 _a2ª ed.
260 _aSanto Domingo :
_bSEM,
_c2005.
300 _a44 p. ;
_c21 cm.
590 _aInventariado,2018/DG
650 4 _aEmigración e inmigración
_xLegislación
_zRepública Dominicana
_956697
650 4 _aCrimen organizado
_xLegislación
_zRepública Dominicana
_956698
650 4 _aMujeres
_xCuestiones sociales y morales
_zRepública Dominicana
_97010
651 4 _aRepública Dominicana
_xLeyes
_916541
651 4 _aRepública Dominicana
_xLey 137-03
_956699
710 1 _aRepública Dominicana.
_bSecretaría de Estado de la Mujer
_938238
910 _aValidado. Control de calidad EMS
999 _c29456
_d29456